000
00320nam a2200109Ia 4500
008
200302s9999 xx 000 0 und d
100
_a
N. Krishna Raju and Other
245
_a
Reinforced concrete design IS : 456-2000 Pricnciples and practice
260
_b
New age International Publishers
260
_c
2017
300
_a
611
999
_c
6656
_d
6656